000 00400nam a2200157Ia 4500
008 210716s1985 xx 000 0 und d
020 _a0876923759
041 _aeng
082 _a658.8 KOTP
100 _aKotler, Philip.
245 _aMarketing for nonprofit organizations.
250 _a2
260 _aNew Delhi
_bPrentice Hall of India PVt Ltd
_c1985
300 _a527
650 _aMarketing
999 _c199616
_d199616